000 00414nam a22001457a 4500
082 _a515.9
_bGOU
_cL-21, P-31
100 _aGoursat, Edouard
_939353
245 _aFunction of a complex variable /
260 _aBoston:
_bGinn and company
_cc1916
300 _ax, 258 p.:
_c19cm
526 _a0
_b0
_c0
_d515_900000000000000_GOU
526 _a0
_b0
_c0
_d515_900000000000000_GOU
650 _aMCE
_9379
942 _2ddc
_cBK
999 _c543855
_d543855